Religion Quiz

Random Religion or Judaism Quiz

► Jewish Ceremonial Objects Quiz Stats

 Plays Quiz not verified by Sporcle

Score 0/22 Timer 04:00
0 Plays Today
% Correct
Torah Scroll
94.5%
Kiddush Cup
93.7%
Seder Plate
91%
Tzedakah Box
90.1%
Menorah
89.7%
Dreidel
87.5%
Torah Crown
84.4%
Matzah
80.5%
Kippah
69.6%
Torah Shield
67.8%
Tefillin
66.5%
% Correct
Parochet
64.7%
Shofar
63.3%
Havdalah
Candle
60.3%
Mezuzah
54.5%
Yad
53.4%
Challah Cover
52.9%
Tallit
50%
Tzitzit
45.1%
Mechitza
41.1%
Torah Rimonim
36.6%
Kittel
35%

You're not logged in!

Compare scores with friends on all Sporcle quizzes.
OR
Log In

Show Comments

Extras

Top Quizzes Today


Score Distribution

Your Account Isn't Verified!

In order to create a playlist on Sporcle, you need to verify the email address you used during registration. Go to your Sporcle Settings to finish the process.

Report this User

Report this user for behavior that violates our Community Guidelines.

Details: